000 00253nam a22001217a 4500
040 _cSK
082 _a510
100 _aEDWARD T.
245 _aIntroduction to mathematical economics
260 _aNEW YORK
_bEDW
_c2001
300 _a523p.
942 _cEK
999 _c9937
_d9937